000 00425nam a22001697a 4500
003 MPLRDC
005 20220104144402.0
008 210129b ||||| |||| 00| 0 eng d
082 _a953.1 LZ-2
100 _a鲁争编
245 _a图解摄影构图技术
_c
250 _a初版
260 _a
_b万里书店出版
_c1992
300 _b
650 _a拍摄艺术; 美术摄影术--户外
942 _cBK
_o953.1 LZ-2
999 _c49098
_d49088